00636nam a2200169 a 450000100100000000500170001000800410002704000250006808200150009311000380010824500940014626000590024030000270029904900090032695201140033599900170044900002876320200930055125.0110412s19uu dr a 000 0 spa d aDO-SdBNPbspacBNPHU axxxbC755c1 aConsejo Nacional de Drogas95575610aCurso-taller :breducción de la demanda de alcohol y otras drogas en el área laboral. aSanto Domingo :bConsejo Nacional de Drogas,c[19--?]. a29 p. :bil. ;c29 cm. aBNPD 00107-18PDaPDbPDcOId2011-04-12iLF1l0oxxx C755cp28763-10r2020-06-25w2020-06-25yLFPDZNo se presta c28255d28255